LEADER 02898nam 22004213u 450 001 9910461903303321 005 20210114013615.0 010 $a1-61735-891-6 035 $a(CKB)2670000000245907 035 $a(EBL)3315799 035 $a(MiAaPQ)EBC3315799 035 $a(EXLCZ)992670000000245907 100 $a20151005d2014|||| u|| | 101 0 $aeng 135 $aur|n|---||||| 200 10$aAdvances in Longitudinal Methods in the Social and Behavioral Sciences$b[electronic resource] 210 $aCharlotte $cIAP - Information Age Publishing, Inc.$d2014 215 $a1 online resource (354 p.) 225 1 $aCILVR Series on Latent Variable Methodology 300 $aDescription based upon print version of record. 311 $a1-61735-890-8 327 $a""Cover""; ""Series""; ""Advances in Longitudinal Methods in the Social and Behavioral Sciences""; ""Library of Congress Cataloging-in-Publication Data""; ""Contents""; ""Foreword""; ""Preface""; ""Acknowledgments""; ""Part I: Modeling Longitudinal Data: Examining Facets of Change or Variability""; ""CHAPTER 1: A Template for Describing Individual Differences in Longitudinal Data, with Application to the Connection Between Learning and Ability""; ""CHAPTER 2: On Interpretable Reparameterizations of Linear and Nonlinear Latent Growth Curve Models"" 327 $a""CHAPTER 3: Mood Changes Associated with Smoking in Adolescents""""CHAPTER 4: Tethering Theory to Method""; ""CHAPTER 5: Dynamic Systems Analysis of Affective Processes in Dyadic Interactions Using Differential Equations""; ""Part II: Drawing Valid Inferences: Longitudinal Design Considerations and Model Assumptions""; ""CHAPTER 6: Sensitivity Analysis of Mixed-Effects Models When Longitudinal Data Are Incomplete""; ""CHAPTER 7: Finite Mixtures of Nonlinear Mixed-Effects Models""; ""CHAPTER 8: Growth Mixture Modeling and Causal Inference"" 327 $a""Part III: The Role of Measurement in Modeling Within-Subject and Between-Subject Effects""""CHAPTER 9: Disaggregating Within-Person and Between-Person Effects in Multilevel and Structural Equation Growth Models""; ""CHAPTER 10: Considering Alternative Metrics of Time""; ""CHAPTER 11: Valid Measurement Without Factorial Invariance""; ""CHAPTER 12: The Discrimination-Censoring Paradox in Item Response Growth Models""; ""About the Contributors"" 410 0$aCILVR Series on Latent Variable Methodology 606 $aSocial sciences - Longitudinal studies 608 $aElectronic books. 615 4$aSocial sciences - Longitudinal studies. 676 $a300.721 700 $aHarring$b Jeffrey$0862890 701 $aHancock$b Gregory R$0862891 801 0$bAU-PeEL 801 1$bAU-PeEL 801 2$bAU-PeEL 906 $aBOOK 912 $a9910461903303321 996 $aAdvances in Longitudinal Methods in the Social and Behavioral Sciences$91926366 997 $aUNINA LEADER 01343nam0 22003011i 450 001 UON00266455 005 20231205103736.426 010 $a88-7543-032-2 100 $a20050907d2005 |0itac50 ba 101 $aita 102 $aIT 105 $a|||| 1|||| 200 1 $aˆIl ‰fiume di Cristoforo. Raccolta di poesie con testo a fronte$fKu Sang$ga cura di Vincenza D'Urso 210 $aVenezia$cCafoscarina$d2005 215 $a184 p.$d17 cm 410 1$1001UON00018661$12001 $aCina e altri Orienti$fcollana diretta da Maurizio Scarpari$1210 $aVenezia$cCafoscarina$d19..- v. ; cm$v15 606 $aLETTERATURA COREANA$xPoesie$xSec. 20.$3UONC000195$2FI 620 $aIT$dVenezia$3UONL000039 686 $aCOR VI BA$cCorea - Letteratura moderna e contemporanea - Testi$2A 700 1$aKU$bSang$3UONV000519$0636753 702 1$aD'URSO$bVincenza$3UONV155064 712 $aCafoscarina$3UONV246423$4650 801 $aIT$bSOL$c20260227$gRICA 899 $aSIBA - SISTEMA BIBLIOTECARIO DI ATENEO E ARCHIVIO STORICO$2UONSI 912 $aUON00266455 950 $aSIBA - SISTEMA BIBLIOTECARIO DI ATENEO E ARCHIVIO STORICO$dSI COR VI BA 102 N $eSI SA 114161 5 102 N 996 $aFiume di Cristoforo. Raccolta di poesie con testo a fronte$91240575 997 $aUNIOR